| 000 | 00519nam a2200217Ia 4500 | ||
|---|---|---|---|
| 003 | OSt | ||
| 005 | 20140314140134.0 | ||
| 008 | 140130s9999 xx 000 0 und d | ||
| 020 | _a0590480316 | ||
| 050 |
_aQ 141 _b.J69 2003 |
||
| 100 | _aJones, Lynda | ||
| 245 |
_aFive brilliant scientists / _cLynda Jones. |
||
| 260 |
_bScholastic, _c2003. _aNew York : |
||
| 300 |
_a48 p. : _bcol. ill. ; _c23 cm. |
||
| 440 | _v1 | ||
| 521 | _aG4 | ||
| 526 | _c660 | ||
| 942 |
_cBK _2lcc |
||
| 999 |
_c40892 _d40892 |
||